Sześć najbliższych krajów - Estonia - Statystyki

Ogólne statystyki
  • Ten quiz został rozwiązany 167 razy
  • Średni wynik to 5 z 6
Statystyki odpowiedzi
km kraj % Poprawnych
0 Łotwa
95%
152 Litwa
94%
0 Rosja
94%
47 Finlandia
82%
157 Białoruś
53%
150 Szwecja
53%
Nie znaleziono quizów pasujących do podanych kryteriów
Rozkład punktacji
Procent ludzi z każdym wynikiem
Percentyl według liczby udzielonych odpowiedzi
Twoja historia wyników
Nie rozwiązałeś tego quizu